MDQL
is popping MORE tags! Check the
thread
!
Quizzes
Events
Quiz Creation
Community
Videos
Private Events
Remove Ads
Sign In
Join for FREE
Feedback
Dark Mode
Quiz Categories
Sports
Geography
Music
Movies
Television
Just For Fun
Miscellaneous
History
Literature
Language
Science
Gaming
Entertainment
Religion
Holiday
For Kids
Quiz Lab
Recent
Popular Today
Quiz Kudos Today
Editor Picks
Curator Picks
Quizzes by...
Day
Popularity
Type
Ratings
Length
Year
Community
Subscriptions
Recent Discussions
Orange Saloon
Badges
Playlists
Quests
Create
Leaderboards
Showdown
Live 5
Trivia Bingo
Activity
Puzzle Library
Sporcle Events
Private Events
Virtual Trivia
Globe League
Become a Host
Pub Owners
SporcleCon
Opinionation
Our Games
Videos
Blog
Mobile Apps
Partnerships
Remove Ads and Go Orange
Feedback
Just For Fun
Clickable
Get the Picture
Humor
Quick Pick
Word Ladder
Missing Word
Mixed Word
Blitz
Minefield
This or That
Alphabet
Color
Typing
Sporcle
Puzzle
Word Play
Follow That Line
Logic
Just For Fun
Clickable
Get the Picture
Humor
Quick Pick
Word Ladder
Missing Word
Mixed Word
Blitz
Minefield
This or That
Alphabet
Color
Typing
Sporcle
Puzzle
Word Play
Follow That Line
Logic
Random Quiz
Search Sporcle
×
Quiz Lab
Quiz Lab
Just For Fun
Mixed Word
Type in answers that appear in a list
Type in answers that appear in a list
Classic
Best Score? Go Orange.
Inside Sporcle Stats
Can you name the Unscramble Time?
By
Olivia_Strange
10m
85 Questions
22 Plays
22 Plays
22 Plays
Comments
Comments
Give Quiz Kudos
Give Quiz Kudos
-
- Ratings
hide this ad
More Info
Replay
Link that replays current quiz
Next Quiz
Link to next quiz in quiz playlist
You Got
0%
They Got
Avg Score
23%
Avg Friend Score
Upgrade to see
Score Distribution
Jump to the score distribution portion of the page
Score
0/85
Timer
10:00
0
Plays Today
Word
% Correct
Spore
63.6%
Pore
63.6%
Pores
54.5%
So
54.5%
Core
50%
Or
50%
Sporcle
50%
Cores
45.5%
Lore
45.5%
Role
45.5%
Cop
45.5%
Cops
45.5%
Lores
40.9%
Ropes
40.9%
Cope
40.9%
Rope
40.9%
Sop
40.9%
Coles
36.4%
Cole
36.4%
Lops
36.4%
Ores
36.4%
Pose
36.4%
Rose
36.4%
Sore
36.4%
Clops
31.8%
Corps
31.8%
Poles
31.8%
Clop
31.8%
Lope
31.8%
Word
% Correct
Lose
31.8%
Pole
31.8%
Sole
31.8%
Pol
31.8%
Corpse
27.3%
Score
27.3%
Crop
27.3%
Pros
27.3%
Pro
27.3%
Roe
27.3%
Close
22.7%
Crops
22.7%
Scope
22.7%
Slope
22.7%
Oles
22.7%
Scop
22.7%
Slop
22.7%
Sol
22.7%
Roles
22.7%
Poser
18.2%
Prose
18.2%
Rep
18.2%
Pols
13.6%
Reps
13.6%
Ser
13.6%
Closer
9.1%
Loser
9.1%
Poler
9.1%
Prole
9.1%
Word
% Correct
Cols
9.1%
Recs
9.1%
Sloe
9.1%
Rec
9.1%
Res
9.1%
Polers
4.5%
Splore
4.5%
Copse
4.5%
Corse
4.5%
Loper
4.5%
Orles
4.5%
Repos
4.5%
Cels
4.5%
Orcs
4.5%
Repo
4.5%
Rocs
4.5%
Rocs
4.5%
Sec
4.5%
Sel
4.5%
Sloper
0%
Socle
0%
Sorel
0%
Ceps
0%
Cero
0%
Eros
0%
Pecs
0%
Peso
0%
Quiz Playlist
Details
Report
Send in Message
Add To Playlist
More Info:
Can you find all the words that can be made from the word SPORCLE? (BTW there are 85 words to find, i found these words out off the internet)
Classic:
Type in answers that appear in a list
Last Updated: Feb 16, 2017
Quiz Scoreboard
CHALLENGE
Sign Up to Join the Scoreboard
Show All
Scores
Hide
Comments
May contain spoilers
Recently Published
Holiday 10x10 Sorting Gallery
by lukepisani3
Holiday
15m
Two Season TV Shows II
by 123Four
Television
10m
Image Sorting: Flags VI
by Barbecue
Geography
2m
More to Explore
Quiz From the Vault
Featured Blog Post
14 Easter Pick-up Lines to Find Eggs With
hide this ad
You Might Also Like...
Tags
Mixed Word Quiz
Sporcle Quiz
inside
Today's Top Quizzes in Just For Fun
Browse Just For Fun
hide this ad
Today's Top Quizzes in Mixed Word
Browse Mixed Word
Top Contributed Quizzes in Just For Fun
1
Name Just One - 10 to 1: Just For Fun
2
Missing Word: 2-Letter A-Z II
3
Avatar the Last Airbender: Logic Puzzle
4
Missing Letter Whitney Houston Songs
5
Missing Word: 'Of' Things A-Z
6
It's Magic / Witchcraft 🎩🪄🧙♀️
7
Eurovision 2024 Countries Logic Puzzle
8
Survivor Winners Logic Puzzle
9
Missing Word: 'Of' Things A-Z II
10
Killer Double Trees 224 - Colour Match-Up
Explore More
Trending Topics
Kpop
Marvel
NBA
Anime
Crossword
Harry Potter
Disney
WWE
The Office
NFL
Puzzle
Pokémon
Country
Song
Soccer
hide this ad
More By:
Olivia_Strange
Quiz
Plays
Rating
Category
Featured
Created
Muscle cars
771
1.60
Just For Fun
Apr 29, 2010
3 letter words
218
1.50
Just For Fun
Mar 24, 2010
Things That Make You Cry
139
1.71
Just For Fun
Mar 24, 2010
Common Pet Types
130
1.00
Just For Fun
Mar 24, 2010
Ways Of Travel
113
2.00
Just For Fun
May 1, 2010
Go to Creator's Profile
Score Distribution
Quiz Creator Spotlight
Olivia_Strange
Follow
Send a Message
Quizzes Created
-
Created Quiz Play Count
-
More By This Creator
Popular Quizzes Today
1
Find the US States - No Outlines Minefield
2
Colored Red Africa Blitz
3
Find the 'City' Movie
4
The Countries of the World
5
5x2 Blitz: Bands
6
Find the Countries of Europe - No Outlines Minefield
7
Find the US States
8
US States
More Just For Fun Quizzes
Quick Pick: Bambi Characters
Published
Trending Quizzes
Colored Red Europe Blitz I
Colored Red Africa Blitz II
Colored Red Europe Blitz II
Even More Two Season TV Shows
Colored Red Africa Blitz III
Recently Updated
Odd Team Out - Big 4 Players
pecheneg
Quick Pick: 20 Twenties
pecheneg
March Madness Men's Triple Doubles
pecheneg
How Do You Spell That?
pecheneg
Godzilla Movies
pecheneg
Grab Bag: 4-10 Letters
pecheneg
2024 March Madness Bracket
pecheneg
Famous TV Couples
Peacemaker
Champions League XIs: Real Madrid
pecheneg
Largest US Cities 1790-2010
pecheneg
Trending Topics
Disney
NBA
Marvel
Crossword
Harry Potter
Anime
Kpop
Pokémon
Song
Country
NFL
The Office
Puzzle
WWE
Soccer
Your Account Isn't Verified!
In order to create a playlist on Sporcle, you need to verify the email address you used during registration. Go to your
Sporcle Settings
to finish the process.
Report this User
Report this user for behavior that violates our
Community Guidelines
.
Details:
Send Report
Go to the Sporcle.com Mobile Site →
Comments